| 000 | nam a22 a 4500 | ||
|---|---|---|---|
| 999 |
_c4661 _d4661 |
||
| 003 | AKMAL | ||
| 005 | 20170727122907.0 | ||
| 008 | 170727s2017 my | e l 000 0 may | ||
| 020 | _cRM28.00 | ||
| 040 | _aBNM | ||
| 082 | 0 | 4 | _a347.595016 MAL |
| 090 | 0 | 0 |
_a347.595016 _bMAL |
| 110 | 1 |
_aMalaysia _9400 |
|
| 240 | _aAkta Mahkamah Kehakiman = Federal Subsidiary Legistration | ||
| 245 | 1 | 0 |
_aKaedah-Kaedah Pesuruhjaya Sumpah 1993 : _bsemua pindaan hingga Disember 1995 = Commissioners for Oaths Rules 1993 : all amendments up to Disember 1995 / _c[Disusun semula oleh: Penasihat Undang-Undang MDC] |
| 246 | 3 | 1 | _aCommissioners for Oaths Rules 1993 : all amendments up to March, 2010 |
| 260 |
_aKuala Lumpur : _bMDC Publishers, _c2017 |
||
| 300 |
_a48ms. ; _c27cm. |
||
| 490 | 1 |
_aUndang-undang Malaysia = _aLaws of Malaysia |
|
| 546 | _aTeks sejajar bahasa Malaysia dan bahasa Inggeris | ||
| 599 | _aDALAM PROSES | ||
| 650 | 1 | 0 |
_aNotaries _zMalaysia _98348 |
| 710 | 2 |
_aPenasihat Undang-Undang MDC _9405 |
|
| 830 | 0 |
_aUndang-undang Malaysia = _aLaws of Malaysia _98976 |
|
| 942 |
_2ddc _cBOOK |
||
| 950 | _lAKMAL | ||